<?xml version="1.0" encoding="UTF-8"?>
<record
    xmlns:xsi="http://www.w3.org/2001/XMLSchema-instance"
    xsi:schemaLocation="http://www.loc.gov/MARC21/slim http://www.loc.gov/standards/marcxml/schema/MARC21slim.xsd"
    xmlns="http://www.loc.gov/MARC21/slim">

  <leader>01340nam a22003493u 4500</leader>
  <controlfield tag="001">ssib044818013</controlfield>
  <controlfield tag="003">WaSeSS</controlfield>
  <controlfield tag="005">20220517141056.0</controlfield>
  <controlfield tag="006">m        d        </controlfield>
  <controlfield tag="007">cr  n         </controlfield>
  <controlfield tag="008">210708s2021    ||||||||o|||||||| ||||| d</controlfield>
  <datafield tag="020" ind1=" " ind2=" ">
    <subfield code="a">9781484270264</subfield>
  </datafield>
  <datafield tag="020" ind1=" " ind2=" ">
    <subfield code="a">1484270266</subfield>
  </datafield>
  <datafield tag="040" ind1=" " ind2=" ">
    <subfield code="a">WaSeSS</subfield>
    <subfield code="b">eng</subfield>
    <subfield code="c">AIMIT LIBRARY</subfield>
    <subfield code="d">WaSeSS</subfield>
  </datafield>
  <datafield tag="082" ind1=" " ind2=" ">
    <subfield code="2">1</subfield>
    <subfield code="a">006.3 </subfield>
    <subfield code="b">MARI</subfield>
  </datafield>
  <datafield tag="100" ind1="1" ind2=" ">
    <subfield code="a">Martinez, Inma.</subfield>
    <subfield code="9">37622</subfield>
  </datafield>
  <datafield tag="245" ind1="1" ind2="0">
    <subfield code="a">Future of the Automotive Industry :</subfield>
    <subfield code="b">Disruptive Forces of AI, Data Analytics, and Digitization /</subfield>
    <subfield code="c">By Inma Martinez.</subfield>
  </datafield>
  <datafield tag="264" ind1=" " ind2="1">
    <subfield code="a">London:</subfield>
    <subfield code="b">Apress ,</subfield>
    <subfield code="c">2021.</subfield>
  </datafield>
  <datafield tag="300" ind1=" " ind2=" ">
    <subfield code="a">xxiii,204p. ;</subfield>
    <subfield code="b">PB</subfield>
    <subfield code="c">23.5 cm</subfield>
  </datafield>
  <datafield tag="336" ind1=" " ind2=" ">
    <subfield code="a">text</subfield>
    <subfield code="b">txt</subfield>
    <subfield code="2">rdacontent</subfield>
  </datafield>
  <datafield tag="337" ind1=" " ind2=" ">
    <subfield code="a">computer</subfield>
    <subfield code="b">c</subfield>
    <subfield code="2">rdamedia</subfield>
  </datafield>
  <datafield tag="338" ind1=" " ind2=" ">
    <subfield code="a">online resource</subfield>
    <subfield code="b">cr</subfield>
    <subfield code="2">rdacarrier</subfield>
  </datafield>
  <datafield tag="500" ind1=" " ind2=" ">
    <subfield code="a">Title from content provider.</subfield>
  </datafield>
  <datafield tag="506" ind1=" " ind2=" ">
    <subfield code="a">Requires an SPL library card.</subfield>
  </datafield>
  <datafield tag="538" ind1=" " ind2=" ">
    <subfield code="a">Mode of access: World Wide Web.</subfield>
  </datafield>
  <datafield tag="650" ind1=" " ind2=" ">
    <subfield code="a">Data analytics.</subfield>
    <subfield code="9">37623</subfield>
  </datafield>
  <datafield tag="650" ind1=" " ind2=" ">
    <subfield code="a">Digitization.</subfield>
    <subfield code="9">37624</subfield>
  </datafield>
  <datafield tag="655" ind1=" " ind2="7">
    <subfield code="a">Electronic books.</subfield>
    <subfield code="2">local</subfield>
    <subfield code="9">37625</subfield>
  </datafield>
  <datafield tag="856" ind1="4" ind2="0">
    <subfield code="y">View this electronic item in O'Reilly Online Learning: Academic/Public Library Edition.</subfield>
    <subfield code="u">https://ezproxy.spl.org/login?url=https://learning.oreilly.com/library/view/~/9781484270264/?ar</subfield>
    <subfield code="z">An e-book available through full-text database.</subfield>
  </datafield>
  <datafield tag="942" ind1=" " ind2=" ">
    <subfield code="2">ddc</subfield>
    <subfield code="c">BK</subfield>
    <subfield code="e">1st</subfield>
    <subfield code="k">006.3 MARI</subfield>
  </datafield>
  <datafield tag="999" ind1=" " ind2=" ">
    <subfield code="c">222970</subfield>
    <subfield code="d">222970</subfield>
  </datafield>
  <datafield tag="999" ind1=" " ind2=" ">
    <subfield code="b">03692854</subfield>
  </datafield>
  <datafield tag="952" ind1=" " ind2=" ">
    <subfield code="0">0</subfield>
    <subfield code="1">0</subfield>
    <subfield code="2">ddc</subfield>
    <subfield code="4">0</subfield>
    <subfield code="7">0</subfield>
    <subfield code="8">MCA</subfield>
    <subfield code="a">AIMIT</subfield>
    <subfield code="b">AIMIT</subfield>
    <subfield code="d">2022-03-23</subfield>
    <subfield code="g">699.00</subfield>
    <subfield code="i">Bill no:6625; Bill dt:2022-03-24</subfield>
    <subfield code="l">0</subfield>
    <subfield code="o">006.3  MARI</subfield>
    <subfield code="p">MCA17104</subfield>
    <subfield code="r">2025-07-21 00:00:00</subfield>
    <subfield code="v">559.20</subfield>
    <subfield code="w">2022-05-17</subfield>
    <subfield code="y">BK</subfield>
  </datafield>
</record>
